Los problemas actuales del comercio interlatinoamericano
में बचाया:
| निगमित लेखक: | |
|---|---|
| स्वरूप: | पुस्तक |
| भाषा: | स्पेनिश |
| प्रकाशित: |
Ginebra
Departamento de Asuntos Económicos y Sociales
1957
|
| विषय: | |
| टैग: |
टैग जोड़ें
कोई टैग नहीं, इस रिकॉर्ड को टैग करने वाले पहले व्यक्ति बनें!
|
MARC
| LEADER | 00000nam a2200000 a 4500 | ||
|---|---|---|---|
| 001 | UCS3023 | ||
| 003 | CL-VaPUC | ||
| 008 | 970613e19570000SZ |||||||||||||||||spa|d | ||
| 082 | 0 | 4 | |a 382.1 |b NAC |2 21 |
| 110 | 2 | |a Naciones Unidas |e author |9 388996 | |
| 245 | 1 | 4 | |a Los problemas actuales del comercio interlatinoamericano |
| 300 | |a 112 p | ||
| 942 | |c BK | ||
| 945 | |d 19970613 00:00:00 |a lriquelm | ||
| 260 | |a Ginebra |b Departamento de Asuntos Económicos y Sociales |c 1957 | ||
| 650 | 7 | |a COMERCIO INTERNACIONAL |2 CL-VaPUC |9 388997 | |
| 650 | 0 | |a Deudas |9 350077 | |
| 650 | 0 | |a Balanza comercial |9 379503 | |
| 650 | 0 | |a Análisis económico |9 259939 | |
| 651 | 0 | |a América Latina |9 255027 | |
| 583 | |a last modification |c 19970613 00:00:00 |k Rodrigo Vera | ||
| 999 | |c 260890 |d 260888 | ||
| 952 | |0 0 |1 0 |4 0 |6 382_100000000000000_NAC_1957 |7 0 |8 P |9 287513 |a BIBDER |b BIBDER |d 2019-11-19 |i 1865919 |o 382.1 NAC 1957 |p 1865919 |r 2023-01-25 |w 2019-11-19 |y BK |k DER | ||